000 00639nam a2200241Ia 4500
003 OSt
005 20221007081708.0
006 a|||||r|||| 00| 0
007 ta
008 221006b |||||||| |||| 00| 0 eng d
024 _a5,558
037 _cTextual
040 _aFLL
_cFLL
_beng
041 _2eng
_aeng
082 _aZ2, 9298, M8
100 _aWade H.W.R.
245 0 _aAdministrative law
250 _a6th
260 _aOxford
_bEnglish language book society/Oxford University Press Oxford
_c1988
300 _alxxi,1028
_ccm.
942 _hZ2, 9298, M8
_cTEXL
_2CC
999 _c1163989
_d1163989